| 000 | 00579nam a2200181 a 4500 | ||
|---|---|---|---|
| 001 | 000031078 | ||
| 005 | 20200930062706.0 | ||
| 008 | 100305s1929 dr 000 0 spa d | ||
| 040 |
_aDO-SdBNP _bspa _cBNPHU |
||
| 082 |
_axxx _bR426r |
||
| 110 | 1 |
_aRepública Dominicana _9447 |
|
| 245 | 1 | 0 | _aReglamento general de policía y sus modificaciones. |
| 250 | _aEdición oficial | ||
| 260 |
_aSanto Domingo _fDe J. R. Vda. García _c1929. |
||
| 300 |
_a14 p. ; _c24 cm. |
||
| 500 | _aDictado en fecha 15 de junio del 1923. Publicado en la gaceta oficial núm. 2440. | ||
| 049 | _aBNPD | ||
| 999 |
_c30570 _d30570 |
||